[Event "SRI-chB"]
[Site "Colombo"]
[Date "2023.03.11"]
[Round "8"]
[White "Dissanayake, RKT"]
[Black "Abewardhana, AABDP"]
[Result "0-1"]
[WhiteElo "1948"]
[BlackElo "1634"]
[PlyCount "88"]
[EventDate "2023.03.04"]
[EventType "swiss"]
[EventRounds "11"]
[EventCountry "SRI"]
[SourceTitle "CBM 213 Extra"]
[Source "ChessBase"]
[SourceDate "2023.05.31"]
[SourceVersion "1"]
[SourceVersionDate "2023.05.31"]
[SourceQuality "1"]

1. e4 d6 2. d4 Nf6 3. Nc3 c6 4. Be3 Qa5 5. f3 e5 6. Nge2 Nbd7 7. Nc1 Be7 8. Qd2 Qc7 9. Be2 exd4 10. Bxd4 b5 11. 0-0 0-0 12. a3 Nb6 13. b3 a6 14. Nd3 c5 15. Bf2 c4 16. Nf4 Be6 17. Rac1 Rfd8 18. Ncd5 Bxd5 19. Nxd5 Nfxd5 20. exd5 Bf6 21. Rfd1 Re8 22. Kf1 Rac8 23. Rb1 c3 24. Qd3 Nd7 25. Qf5 Re5 26. Qh3 Rce8 27. Bd3 g6 28. Re1 Nc5 29. f4 Rxe1+ 30. Bxe1 Bd4 31. Be2 Re3 32. Qg4 Ne4 33. Rd1 f5 34. Qh4 Bf6 35. Qh6 Qe7 36. Bf3 Nd2+ 37. Kf2 Rxf3+ 38. gxf3 Bh4+ 39. Kg1 Bxe1 40. Qh3 Qe2 41. Ra1 Nxf3+ 42. Kh1 Nh4 43. a4 Bf2 44. Qd3 Qg4 0-1